[Event "ProMoPro Open"]
[Site "Praha"]
[Date "2002.09.08"]
[Round "2.11"]
[White "Rous, Frantisek"]
[Black "Londyn, Radek"]
[Result "0-1"]
[WhiteElo "2083"]
[BlackElo "2176"]
[PlyCount "108"]
[EventDate "2002.09.07"]

1. e4 c5 2. Nf3 d6 3. g3 Nc6 4. Bg2 e5 5. O-O g6 6. d3 Bg7 7. Nc3 Nge7 8. Be3
O-O 9. Qd2 Nd4 10. Bg5 f6 11. Be3 Be6 12. Ne1 d5 13. Na4 b6 14. b3 Rc8 15. c3
Ndc6 16. Bh6 Qd7 17. Bxg7 Kxg7 18. Qe2 Rcd8 19. Nf3 Qc7 20. Rfe1 Bg8 21. Rad1
Nc8 22. Nb2 Rfe8 23. exd5 Bxd5 24. Nc4 Re7 25. Nh4 Bxg2 26. Kxg2 b5 27. Ne3 Qd7
28. Qf3 b4 29. Nhf5+ gxf5 30. Nxf5+ Kf7 31. Qh5+ Kg8 32. Nxe7+ N8xe7 33. cxb4
Qd5+ 34. Qf3 Qxf3+ 35. Kxf3 Nxb4 36. a3 Nxd3 37. Re3 f5 38. Kg2 e4 39. Kf1 Nd5
40. Rexd3 exd3 41. Rxd3 Kf7 42. f4 Ke6 43. Kf2 Kd6 44. Kf3 Re8 45. h3 h5 46. g4
hxg4+ 47. hxg4 fxg4+ 48. Kxg4 Re3 49. Rxe3 Nxe3+ 50. Kf3 Nc2 51. b4 cxb4 52.
axb4 Nxb4 53. Ke4 a5 54. Kd4 54... Nc6+ {bily vzdal} 0-1

[Event "ProMoPro Open"]
[Site "Praha"]
[Date "2002.09.08"]
[Round "2.16"]
[White "Bilek, Bernhard"]
[Black "Cernousek, Lukas"]
[Result "0-1"]
[WhiteElo "1829"]
[BlackElo "2294"]
[PlyCount "82"]
[EventDate "2002.09.07"]

1. e4 c5 2. Nf3 d6 3. d4 cxd4 4. Nxd4 Nf6 5. Bd3 Nc6 6. Nxc6 bxc6 7. c4 g6 8.
Nc3 Bg7 9. O-O O-O 10. Qc2 Nd7 11. Kh1 Nc5 12. Be2 f5 13. f3 fxe4 14. fxe4
Rxf1+ 15. Bxf1 Rb8 16. Be3 Qa5 17. Rb1 Bxc3 18. bxc3 Rxb1 19. Qxb1 Qxc3 20.
Bxc5 dxc5 21. Qb8 { } 21... Qc1 22. Qxc8+ Kf7 23. Kg1 Qe3+ 24. Kh1 Qf2 25. h3
Qxf1+ 26. Kh2 Qf4+ 27. Kg1 Qxe4 28. Qa6 Kf6 29. Qa4 h5 30. Kh2 h4 31. Qb3 Kf5
32. Qb7 a5 33. Qc8+ Qe6 34. Qf8+ Qf6 35. Qc8+ Ke4 36. Qb7 Kd4 37. Qb3 Qe5+ 38.
Kh1 Qe1+ 39. Kh2 Qg3+ 40. Qxg3 hxg3+ 41. Kxg3 41... Kxc4 {bily vzdal} 0-1

[Event "ProMoPro Open"]
[Site "Praha"]
[Date "2002.09.08"]
[Round "2.22"]
[White "Cebis, Petr"]
[Black "Janocko, Petr"]
[Result "1/2-1/2"]
[WhiteElo "1692"]
[BlackElo "1987"]
[PlyCount "77"]
[EventDate "2002.09.07"]

1. e4 c6 2. d4 d5 3. Nc3 dxe4 4. Nxe4 Bf5 5. Ng3 Bg6 6. Nf3 Nd7 7. Bd3 Bxd3 8.
Qxd3 Ngf6 9. O-O e6 10. Re1 Be7 11. c3 O-O 12. h4 Bd6 13. Ne4 Nxe4 14. Qxe4 Nf6
15. Qd3 h6 16. g3 Qc7 17. Ne5 Rad8 18. Qf3 Nd7 19. Bf4 Bxe5 20. dxe5 Nc5 21.
Rad1 Rxd1 22. Rxd1 Rd8 23. Rxd8+ Qxd8 24. Qg4 Kh7 25. Be3 Qd5 26. Bxc5 Qxc5 27.
Qe4+ Kg8 28. Qd4 Qa5 29. a3 Qb5 30. c4 Qb3 31. Kg2 b6 32. h5 c5 33. Qd8+ Kh7
34. Qe7 Qxc4 35. Qxf7 Qe4+ 36. Kh3 Qh1+ 37. Kg4 Qe4+ 38. Qf4 Qd3 39. Qf7 {remis
} 1/2-1/2

[Event "ProMoPro Open"]
[Site "Praha"]
[Date "2002.09.08"]
[Round "2.6"]
[White "Urbanek, Stepan"]
[Black "Stehno, Pavel"]
[Result "0-1"]
[WhiteElo "2096"]
[BlackElo "2253"]
[PlyCount "70"]
[EventDate "2002.09.07"]

1. d4 Nf6 2. c4 g6 3. Nc3 Bg7 4. e4 d6 5. Be2 O-O 6. Bg5 Nfd7 7. Nf3 h6 8. Be3
Nc6 9. Qd2 Kh7 10. O-O e5 11. d5 Ne7 12. g4 Nf6 13. g5 Ng4 14. gxh6 Bxh6 15.
Bxh6 Nxh6 16. Ng5+ Kg7 17. f4 Neg8 18. f5 gxf5 19. Bh5 f4 20. Qg2 Kh8 21. Kh1
Nf6 22. Qf3 Nh7 23. Nxh7 Kxh7 24. Rg1 Bd7 25. Bg4 Rg8 26. Bf5+ Bxf5 27. Rxg8
Qxg8 28. exf5 Qg5 29. Rg1 Qxf5 30. Ne4 Rg8 31. Rxg8 Kxg8 32. c5 dxc5 33. d6
cxd6 34. Nxd6 Qb1+ 35. Kg2 35... Qxb2+ {bily vzdal} 0-1

[Event "ProMoPro Open"]
[Site "Praha"]
[Date "2002.09.08"]
[Round "2.3"]
[White "Svatos, Jan"]
[Black "Borik, Juraj"]
[Result "1/2-1/2"]
[WhiteElo "2279"]
[BlackElo "2124"]
[PlyCount "51"]
[EventDate "2002.09.07"]

1. e4 c5 2. Nf3 d6 3. d4 cxd4 4. Qxd4 Nc6 5. Bb5 Bd7 6. Bxc6 bxc6 7. O-O e5 8.
Qd3 h6 9. b3 f5 10. Ba3 Nf6 11. Nbd2 d5 12. Bxf8 fxe4 13. Qc3 exf3 14. Bxg7 Rg8
15. Qxe5+ Kf7 16. Bxf6 Rxg2+ 17. Kh1 Qxf6 18. Qc7 Qf5 19. Rae1 Re8 20. Rxe8
Kxe8 21. Re1+ Kf7 22. Nxf3 Qxf3 23. Qxd7+ 23... Kg6 { } 24. Qxc6+ Kh7 25. Re3
Qxf2 26. Re7+ {remis} 1/2-1/2

[Event "ProMoPro Open"]
[Site "Praha"]
[Date "2002.09.08"]
[Round "2.24"]
[White "Kudrna, Jakub"]
[Black "Nepustil, Frantisek"]
[Result "1-0"]
[WhiteElo "1597"]
[BlackElo "1957"]
[PlyCount "97"]
[EventDate "2002.09.07"]

1. d4 g6 2. c4 Bg7 3. Nc3 d6 4. e4 Nd7 5. Be3 e5 6. d5 Ngf6 7. f3 Nh5 8. Qd2 f5
9. Bd3 f4 10. Bf2 Bf6 11. Nge2 O-O 12. O-O a6 13. b4 Be7 14. Nc1 a5 15. bxa5
Rxa5 16. Nb3 Ra8 17. Rfc1 b6 18. a4 Nc5 19. Nxc5 dxc5 20. Nb5 Bd6 21. a5 bxa5
22. Rxa5 Rxa5 23. Qxa5 Qe7 24. Rb1 Nf6 25. Nc3 Bd7 26. Rb7 Ne8 27. Nb5 g5 28.
Ra7 h5 29. Nxc7 Bxc7 30. Rxc7 Nxc7 31. Qxc7 Rc8 32. Qb6 Qg7 33. Bxc5 g4 34.
fxg4 Qxg4 35. Bf2 f3 36. g3 Ra8 37. Qb2 Qg5 38. c5 h4 39. c6 hxg3 40. hxg3 Bh3
41. Bf1 Bxf1 42. Kxf1 Qh5 43. c7 Qh1+ 44. Bg1 Qh3+ 45. Ke1 Qxg3+ 46. Bf2 Qh3
47. Qb8+ Qc8 48. Qxc8+ Rxc8 49. d6 {cerny vzdal} 1-0

[Event "ProMoPro Open"]
[Site "Praha"]
[Date "2002.09.08"]
[Round "2.23"]
[White "Slovak, Pavel"]
[Black "Janota, Jiri"]
[Result "1-0"]
[WhiteElo "1960"]
[BlackElo "1574"]
[PlyCount "67"]
[EventDate "2002.09.07"]

1. e4 e5 2. Nf3 Nc6 3. Bc4 Bc5 4. c3 Nf6 5. d4 exd4 6. cxd4 Bb4+ 7. Bd2 Bxd2+
8. Nbxd2 d5 9. exd5 Nxd5 10. Qb3 Nce7 11. O-O c6 12. a4 O-O 13. Rfe1 Qb6 14. a5
Qxb3 15. Nxb3 Ng6 16. Bxd5 cxd5 17. Nc5 f6 18. h3 Rb8 19. Ra3 Kf7 20. Rb3 Re8
21. Rc1 Nf4 22. Kh2 Ne6 23. Rbc3 23... Nd8 { } 24. Na6 bxa6 25. Rxc8 Rxb2 26.
R8c7+ Re7 27. Rxe7+ Kxe7 28. Rc7+ Kd6 29. Rxa7 Rxf2 30. Rxa6+ Nc6 31. Ra8 Re2
32. Nh4 g6 33. a6 Nxd4 34. Rd8+ {cerny vzdal} 1-0

[Event "ProMoPro Open"]
[Site "Praha"]
[Date "2002.09.08"]
[Round "2.5"]
[White "Stross, Frantisek"]
[Black "Novak, Vaclav"]
[Result "1-0"]
[WhiteElo "2266"]
[BlackElo "2111"]
[PlyCount "81"]
[EventDate "2002.09.07"]

1. e4 g6 2. d4 Bg7 3. Nc3 d6 4. Be3 Nf6 5. Qd2 c6 6. Bh6 Bxh6 7. Qxh6 Be6 8.
Nf3 Qa5 9. Bd3 Na6 10. O-O Nb4 11. a3 Nxd3 12. cxd3 Qh5 13. Qe3 O-O 14. h3 a5
15. Nh2 g5 16. Ne2 Kh8 17. f3 Rg8 18. Rf2 Rg7 19. Raf1 Rag8 20. Ng4 Qg6 21. Qd2
Nh5 22. Qxa5 Nf4 23. Qd2 h5 24. Ne3 Qf6 25. Ng3 Bxh3 26. gxh3 Nxh3+ 27. Kg2
Nxf2 28. Qxf2 Rh7 29. d5 c5 30. Rh1 h4 31. Ngf5 e6 32. Nxd6 exd5 33. Ndf5 dxe4
34. dxe4 Rd8 35. Qc2 Qe5 36. Rd1 Rxd1 37. Qxd1 Qxb2+ 38. Kh3 Qf6 39. Ng4 Qb6
40. Qa1+ f6 41. Nxf6 {cerny vzdal} 1-0

[Event "ProMoPro Open"]
[Site "Praha"]
[Date "2002.09.08"]
[Round "2.8"]
[White "Zikmund, Daniel"]
[Black "Matras, Ondrej"]
[Result "1/2-1/2"]
[WhiteElo "2072"]
[BlackElo "2235"]
[PlyCount "71"]
[EventDate "2002.09.07"]

1. e4 e6 2. d4 d5 3. e5 c5 4. c3 Nc6 5. Be3 Qb6 6. Qd2 cxd4 7. cxd4 Bd7 8. Nc3
Nge7 9. Nf3 Nf5 10. Be2 Be7 11. O-O a6 12. Rab1 Na5 13. Bd3 Nxe3 14. fxe3 Rc8
15. Qf2 O-O 16. Qg3 Nc4 17. Qh3 g6 18. Bxc4 dxc4 19. Ne4 Qd8 20. Qh6 f5 21.
exf6 Bxf6 22. Nxf6+ Qxf6 23. Ne5 Qe7 24. Rf3 Rxf3 25. Nxf3 Rf8 26. Rf1 Bb5 27.
Rf2 Qf6 28. Qg5 Qf7 29. Qg3 Qf5 30. Nd2 Qd3 31. Rxf8+ Kxf8 32. Qd6+ Kf7 33.
Qc7+ Kg8 34. Qd8+ Kf7 35. Qc7+ Kg8 36. Qd8+ {remis} 1/2-1/2

[Event "ProMoPro Open"]
[Site "Praha"]
[Date "2002.09.08"]
[Round "2.17"]
[White "Chalupa, Ivan"]
[Black "Umanec, Filip"]
[Result "1-0"]
[WhiteElo "2128"]
[BlackElo "1855"]
[PlyCount "91"]
[EventDate "2002.09.07"]

1. e4 e5 2. Nf3 Nc6 3. Bb5 f5 4. Nc3 fxe4 5. Nxe4 Nf6 6. Nxf6+ Qxf6 7. O-O d6
8. d4 Bd7 9. Bxc6 Bxc6 10. dxe5 Bxf3 11. exf6 Bxd1 12. fxg7 Bxg7 13. Rxd1 O-O-O
14. c3 Rde8 15. Be3 Re6 16. Re1 Kd7 17. Rad1 c5 18. Kf1 Kc6 19. Bd2 Rhe8 20.
Rxe6 Rxe6 21. Re1 Rxe1+ 22. Kxe1 b5 23. Ke2 a5 24. g4 b4 25. f4 Kd5 26. Kd3 c4+
27. Ke3 a4 28. a3 bxa3 29. bxa3 Ke6 30. Kf3 d5 31. h4 Kf6 32. f5 Ke5 33. Bf4+
Kf6 34. Ke3 Kf7 35. Kd2 Bf8 36. g5 Bxa3 37. h5 Bf8 38. Be5 a3 39. Kc2 Bc5 40.
Kb1 Kg8 41. g6 Bf8 42. f6 hxg6 43. hxg6 Bc5 44. Ka2 Kf8 45. Bf4 Ke8 46. Bh6 {
cerny vzdal} 1-0

[Event "ProMoPro Open"]
[Site "Praha"]
[Date "2002.09.08"]
[Round "2.12"]
[White "Hybl, Vladislav"]
[Black "Pinc, Miroslav"]
[Result "0-1"]
[WhiteElo "1813"]
[BlackElo "2221"]
[PlyCount "100"]
[EventDate "2002.09.07"]

1. e4 d6 2. d4 Nf6 3. Nc3 g6 4. Bc4 c6 5. Nf3 b5 6. Bd3 Bg7 7. h3 O-O 8. Be3
Qc7 9. O-O e5 10. dxe5 dxe5 11. b4 a5 12. a3 Nbd7 13. Ne2 Re8 14. Ng3 Bf8 15.
c3 Nb6 16. Qe2 Nbd7 17. Bc2 Bg7 18. Bb3 Nf8 19. Ng5 Ne6 20. Nxe6 Bxe6 21. Bxe6
Rxe6 22. Rfd1 Bf8 23. c4 axb4 24. axb4 Rxa1 25. Rxa1 Bxb4 26. cxb5 c5 27. Ra6
Rb6 28. Qc4 Nd7 29. Ra4 Rb7 30. Ra6 Kg7 31. Qe2 Rb6 32. Qc4 Qb7 33. Rxb6 Qxb6
34. Qxb4 cxb4 35. Bxb6 Nxb6 36. Ne2 Kf6 37. Nc1 Nc4 38. Nb3 Ke7 39. f3 Kd6 40.
Kf2 Kc7 41. Ke2 Kb6 42. Kd3 Kxb5 43. h4 Nb6 44. g4 Nd7 45. Kc2 Nc5 46. Nc1 Kc4
47. Ne2 b3+ 48. Kb1 Kd3 49. Ng1 Ke3 50. h5 50... g5 {bily vzdal} 0-1

[Event "ProMoPro Open"]
[Site "Praha"]
[Date "2002.09.08"]
[Round "2.19"]
[White "Klimes, Petr"]
[Black "Podbrdsky, Pavel"]
[Result "1-0"]
[WhiteElo "1767"]
[BlackElo "2105"]
[PlyCount "86"]
[EventDate "2002.09.07"]

1. e4 e5 2. Nf3 Nc6 3. Bb5 a6 4. Ba4 d6 5. O-O Bd7 6. c3 Nf6 7. Re1 g6 8. d3
Bg7 9. Nbd2 O-O 10. Nf1 b5 11. Bc2 d5 12. d4 Nxe4 13. Nxe5 Nxe5 14. dxe5 Bc6
15. f3 Nc5 16. b4 Ne6 17. f4 f5 18. Bb3 Kh8 19. g4 Qh4 20. Ng3 Qxg4 21. Bxd5
Bxd5 22. Qxd5 Nxf4 23. Bxf4 Qxf4 24. Rad1 Qg5 25. e6 Rad8 26. Qc5 Bf6 27. Rd7
f4 28. Qxg5 Bxg5 29. Ne4 Rxd7 30. exd7 Be7 31. Nc5 Bh4 32. Re8 Kg8 33. Ne6 Be7
34. Rxf8+ Bxf8 35. d8=Q Kf7 36. Qd5 Bc5+ 37. Kf1 Bd6 38. Qe4 f3 39. c4 Bxh2 40.
Nxc7 Kf6 41. Qe6+ Kg5 42. Qd5+ Kg4 43. Kf2 43... Bg3+ {cerny vzdal} 1-0

[Event "ProMoPro Open"]
[Site "Praha"]
[Date "2002.09.08"]
[Round "2.26"]
[White "Mikyska, Lubos"]
[Black "Novak, Jindrich"]
[Result "0-1"]
[WhiteElo "1564"]
[BlackElo "1920"]
[PlyCount "74"]
[EventDate "2002.09.07"]

1. e4 a6 2. d4 b5 3. Nf3 Bb7 4. Bd3 Nf6 5. Nbd2 e6 6. O-O d6 7. Re1 Nbd7 8. e5
Nd5 9. Ne4 Nb4 10. a3 Nxd3 11. Qxd3 d5 12. Ng3 c5 13. Bg5 Be7 14. Bxe7 Qxe7 15.
Rad1 O-O 16. c3 c4 17. Qe3 a5 18. h3 b4 19. axb4 axb4 20. Ra1 b3 21. Qf4 Ra2
22. Nh5 Rxb2 23. Qg4 f5 24. exf6 Nxf6 25. Qg5 Rf7 26. Nxf6+ Qxf6 27. Qg3 Qf4
28. Qxf4 Rxf4 29. Rxe6 Ra2 30. Rae1 Rf6 31. Re8+ Rf8 32. R8e7 Bc8 33. Rc7 b2
34. Nd2 Ra1 35. Nb1 Bf5 36. Ree7 Rxb1+ 37. Kh2 37... Rc1 {bily vzdal} 0-1

[Event "ProMoPro Open"]
[Site "Praha"]
[Date "2002.09.08"]
[Round "2.20"]
[White "Havlak, Lubomir"]
[Black "Pleskovskij, Andrej"]
[Result "1/2-1/2"]
[WhiteElo "1726"]
[BlackElo "2000"]
[PlyCount "47"]
[EventDate "2002.09.07"]

1. Nf3 f5 2. b3 Nf6 3. Bb2 b6 4. g3 Bb7 5. Bg2 e6 6. O-O Bb4 7. a3 Be7 8. d4
O-O 9. c4 Ne4 10. Nbd2 d6 11. Nxe4 Bxe4 12. Nd2 Bxg2 13. Kxg2 Nd7 14. e4 fxe4
15. Nxe4 Rf5 16. f4 Qe8 17. Qe2 Qg6 18. Rae1 Re8 19. Bc1 h6 20. g4 Rff8 21. Ng3
Bh4 22. h3 e5 23. dxe5 dxe5 24. f5 {remis} 1/2-1/2

[Event "ProMoPro Open"]
[Site "Praha"]
[Date "2002.09.08"]
[Round "2.21"]
[White "Serdamba, Cege"]
[Black "Tolar, Vladislav"]
[Result "1-0"]
[WhiteElo "1989"]
[BlackElo "1694"]
[PlyCount "37"]
[EventDate "2002.09.07"]

1. e4 d6 2. d4 g6 3. Nc3 Nf6 4. f4 Bg7 5. Nf3 O-O 6. Bd3 Re8 7. O-O Bg4 8. e5
dxe5 9. dxe5 Nfd7 10. Be3 c6 11. Qe1 Nb6 12. Qh4 Bxf3 13. Rxf3 e6 14. Qf2 N8d7
15. Ne4 Qc7 16. Rh3 f5 17. exf6 Nxf6 18. Qh4 Rf8 19. Ng5 {cerny vzdal} 1-0

[Event "ProMoPro Open"]
[Site "Praha"]
[Date "2002.09.08"]
[Round "2.10"]
[White "Masek, Miroslav"]
[Black "Vasek, Daniel"]
[Result "1-0"]
[WhiteElo "2204"]
[BlackElo "1762"]
[PlyCount "59"]
[EventDate "2002.09.07"]

1. d4 d5 2. Nf3 e6 3. c4 c6 4. Nc3 f5 5. Bg5 Nf6 6. e3 Be7 7. Qc2 O-O 8. Be2
Ne4 9. Bxe7 Qxe7 10. O-O Nd7 11. Rab1 Ndf6 12. b4 Bd7 13. Ne5 Nxc3 14. Qxc3 Ne4
15. Qc2 a6 16. f3 Nd6 17. a4 b5 18. cxb5 cxb5 19. Qc7 Rfd8 20. Nc6 Qf8 21. Nxd8
Rxd8 22. g3 Nc4 23. Bxc4 bxc4 24. b5 axb5 25. axb5 Qe8 26. b6 Rc8 27. Qe5 Rb8
28. b7 Qd8 29. Qd6 Kf7 30. e4 {cerny vzdal} 1-0

[Event "ProMoPro Open"]
[Site "Praha"]
[Date "2002.09.08"]
[Round "2.14"]
[White "Cvicela, Anton"]
[Black "Voglova, Eva"]
[Result "1/2-1/2"]
[WhiteElo "2140"]
[BlackElo "1690"]
[PlyCount "31"]
[EventDate "2002.09.07"]

1. e4 d5 2. exd5 Nf6 3. d4 Nxd5 4. c4 Nb6 5. Nf3 Bg4 6. h3 Bh5 7. g4 Bg6 8. Ne5
e6 9. Nc3 N8d7 10. Nxg6 hxg6 11. c5 Nd5 12. Nxd5 exd5 13. Bf4 Nf6 14. Bg5 Be7
15. Bxf6 Bxf6 16. Qa4+ {remis} 1/2-1/2

[Event "ProMoPro Open"]
[Site "Praha"]
[Date "2002.09.08"]
[Round "2.18"]
[White "Kaiser, Rudolf"]
[Black "Kosar, Milan"]
[Result "0-1"]
[WhiteElo "2054"]
[BlackElo "1826"]
[PlyCount "130"]
[EventDate "2002.09.07"]

1. e4 c5 2. Nc3 Nc6 3. g3 g6 4. Bg2 Bg7 5. d3 d6 6. Be3 b6 7. e5 Bb7 8. exd6
Qxd6 9. Nge2 Nf6 10. h3 O-O 11. Qd2 Qd7 12. O-O-O Ne5 13. Bxb7 Qxb7 14. Bh6 Nd5
15. Bxg7 Kxg7 16. Nxd5 Qxd5 17. Qc3 Kg8 18. Nf4 Qd6 19. h4 h5 20. Rhe1 Ng4 21.
Re2 e5 22. Nh3 Qd5 23. Ng5 f6 24. f3 Nh6 25. Ne4 Qxa2 26. f4 Nf5 27. Nd2 Nd4
28. Re4 exf4 29. gxf4 Rae8 30. Rde1 Qf7 31. Nc4 Rxe4 32. dxe4 Qe6 33. Kb1 Qg4
34. f5 g5 35. hxg5 fxg5 36. Ne5 Qg2 37. Qc4+ Kg7 38. Ng6 Qg3 39. Qc3 Qxc3 40.
bxc3 Nf3 41. Re3 Nd2+ 42. Kc1 Rd8 43. Ne5 Kf6 44. Nd3 Nc4 45. Re1 h4 46. Nf2
Ne5 47. Rg1 Rg8 48. Nh3 g4 49. Nf4 Nf3 50. Rg2 Ke5 51. Ng6+ Kxe4 52. Rxg4+ Kxf5
53. Rf4+ Kxg6 54. Rxf3 Kg5 55. Rf1 Rh8 56. Kd2 Kg4 57. Ke3 Re8+ 58. Kd3 Kg3 59.
Rg1+ Kf2 60. Rg7 Re3+ 61. Kc4 h3 62. Rxa7 h2 63. Rh7 Kg2 64. Rg7+ Rg3 65. Rh7
65... h1=Q {bily vzdal} 0-1

[Event "ProMoPro Open"]
[Site "Praha"]
[Date "2002.09.08"]
[Round "2.4"]
[White "Vedral, Oldrich"]
[Black "Kotek, Daniel"]
[Result "1/2-1/2"]
[WhiteElo "2122"]
[BlackElo "2270"]
[PlyCount "124"]
[EventDate "2002.09.07"]

1. c4 e6 2. Nf3 d5 3. e3 Nf6 4. b3 Be7 5. Bb2 O-O 6. Be2 b6 7. O-O Bb7 8. Nc3
Na6 9. d4 c6 10. Ne5 Rc8 11. Rc1 Nd7 12. Nxd7 Qxd7 13. Bd3 Rfd8 14. Qe2 Nc7 15.
Rcd1 f5 16. f3 Bf6 17. Kh1 g6 18. Qf2 Qg7 19. Ne2 c5 20. Rd2 Rd7 21. Rfd1 Rcd8
22. Nf4 Kh8 23. a3 a5 24. Ne2 Ba6 25. Nf4 Bb7 26. a4 e5 27. dxe5 Bxe5 28. Bxe5
Qxe5 29. cxd5 Nxd5 30. Bc4 Nf6 31. Rxd7 Rxd7 32. Rxd7 Nxd7 33. h3 Qd6 34. Qb2+
Nf6 35. Qc2 Bc8 36. Qe2 g5 37. Nd3 Be6 38. Qc2 Bxc4 39. Qxc4 Nd5 40. Qc1 Qe6
41. Qb2+ Kg8 42. Qe5 Qxe5 43. Nxe5 Nxe3 44. Kg1 { } 44... f4 45. Kf2 Nd5 46.
Ke2 Kg7 47. Kd3 Kf6 48. Nc4 Ke6 49. Ke4 Nf6+ 50. Kd3 Nd7 51. Ke4 h6 52. h4 Nf6+
53. Kd3 Nd5 54. hxg5 hxg5 55. Ke4 b5 56. axb5 Nc3+ 57. Kd3 Nxb5 58. Nxa5 Kd5
59. Nc4 Nd4 60. Kc3 Nf5 61. Nd2 Ne3 62. Ne4 62... Nxg2 {remis} 1/2-1/2

[Event "ProMoPro Open"]
[Site "Praha"]
[Date "2002.09.09"]
[Round "3.14"]
[White "Novak, Vaclav"]
[Black "Kudrna, Jakub"]
[Result "1-0"]
[WhiteElo "2037"]
[BlackElo "1597"]
[PlyCount "37"]
[EventDate "2002.09.07"]

1. e4 e5 2. Nf3 Nf6 3. d3 Bc5 4. Bg5 d6 5. Be2 Be6 6. c3 d5 7. Nbd2 h6 8. Bh4
dxe4 9. Nxe4 Bd6 10. Nxf6+ gxf6 11. Qc2 Be7 12. d4 exd4 13. Nxd4 Qd5 14. Bg3 c6
15. Bf3 Qd7 16. O-O-O Qc8 17. Rhe1 b6 18. Nxe6 fxe6 19. Qg6+ {cerny vzdal} 1-0

[Event "ProMoPro Open"]
[Site "Praha"]
[Date "2002.09.09"]
[Round "3.8"]
[White "Borik, Juraj"]
[Black "Klicnar, Martin"]
[Result "1/2-1/2"]
[WhiteElo "2124"]
[BlackElo "2159"]
[PlyCount "37"]
[EventDate "2002.09.07"]

1. e4 c5 2. Nf3 a6 3. d4 cxd4 4. Nxd4 Nf6 5. Bd3 Nc6 6. Nxc6 bxc6 7. O-O e5 8.
c4 Bc5 9. Kh1 O-O 10. Nc3 d6 11. h3 Rb8 12. b3 Bd4 13. Bd2 d5 14. cxd5 cxd5 15.
exd5 Nxd5 16. Rc1 Nxc3 17. Bxc3 Bb7 18. Qe2 Qb6 19. Be4 {remis} 1/2-1/2

[Event "ProMoPro Open"]
[Site "Praha"]
[Date "2002.09.09"]
[Round "3.10"]
[White "Simecek, Bohumil"]
[Black "Kubikova, Hana"]
[Result "1/2-1/2"]
[WhiteElo "2082"]
[BlackElo "2154"]
[PlyCount "39"]
[EventDate "2002.09.07"]

1. d4 Nf6 2. Nf3 g6 3. c4 Bg7 4. Nc3 d5 5. cxd5 Nxd5 6. e4 Nxc3 7. bxc3 O-O 8.
Rb1 b6 9. Be2 c5 10. O-O cxd4 11. cxd4 Bb7 12. Qd3 Nd7 13. Bg5 Nf6 14. d5 h6
15. Be3 e6 16. dxe6 Bxe4 17. Qxd8 Rfxd8 18. exf7+ Kxf7 19. Rb4 Kg8 20. Rc1 {
remis} 1/2-1/2

[Event "ProMoPro Open"]
[Site "Praha"]
[Date "2002.09.09"]
[Round "3.11"]
[White "Cernousek, Lukas"]
[Black "Slovak, Pavel"]
[Result "1-0"]
[WhiteElo "2294"]
[BlackElo "1960"]
[PlyCount "77"]
[EventDate "2002.09.07"]

1. e4 c5 2. Nf3 d6 3. d4 cxd4 4. Nxd4 Nf6 5. Nc3 a6 6. Be2 e6 7. f4 Nc6 8. Be3
Be7 9. a4 Nxd4 10. Qxd4 O-O 11. O-O Qc7 12. a5 Nd7 13. Rfd1 d5 14. exd5 Bc5 15.
Qd2 Qxf4 16. Bxc5 Qxd2 17. Rxd2 Nxc5 18. b4 Nd7 19. dxe6 fxe6 20. Na4 Rb8 21.
Rd6 Kf7 22. Rad1 Ke7 23. Bc4 Nf6 24. Nb6 24... Nd5 { } 25. Bxd5 Kxd6 26. Bxb7+
Ke7 27. Bxc8 Rfxc8 28. Rd7+ Kf6 29. Nxc8 Rxc8 30. Rd6 Ra8 31. c4 h5 32. Kf2 g5
33. Ke3 Ke5 34. Rc6 Ra7 35. Rc5+ Kf6 36. Ke4 Rd7 37. b5 axb5 38. cxb5 Rd1 39.
b6 {cerny vzdal} 1-0

[Event "ProMoPro Open"]
[Site "Praha"]
[Date "2002.09.09"]
[Round "3.19"]
[White "Pleskovskij, Andrej"]
[Black "Hybl, Vladislav"]
[Result "1/2-1/2"]
[WhiteElo "2000"]
[BlackElo "1813"]
[PlyCount "21"]
[EventDate "2002.09.07"]

1. d4 e6 2. c4 f5 3. g3 Nf6 4. Bg2 d5 5. cxd5 exd5 6. Nf3 Bd6 7. Bg5 O-O 8. O-O
Be6 9. Nc3 c6 10. Bf4 Bxf4 11. gxf4 {remis} 1/2-1/2

[Event "ProMoPro Open"]
[Site "Praha"]
[Date "2002.09.09"]
[Round "3.25"]
[White "Umanec, Filip"]
[Black "Mikyska, Lubos"]
[Result "1-0"]
[WhiteElo "1855"]
[BlackElo "1564"]
[PlyCount "49"]
[EventDate "2002.09.07"]

1. e4 c6 2. Nc3 d5 3. Nf3 dxe4 4. Nxe4 Nf6 5. Ng3 Bg4 6. Bc4 e6 7. h3 Bxf3 8.
Qxf3 Be7 9. c3 Nbd7 10. d4 Qc7 11. O-O O-O 12. Re1 Rfe8 13. Bb3 Rac8 14. Bc2
Bf8 15. Ne4 Nxe4 16. Rxe4 Nf6 17. Rh4 Be7 18. Bf4 Qd8 19. Be5 h6 20. Qg3 Kf8
21. Bf4 21... Ne4 { } 22. Rxh6 Bg5 23. Rh8+ Ke7 24. Rxe8+ Kxe8 25. Bxe4 {
cerny vzdal} 1-0

[Event "ProMoPro Open"]
[Site "Praha"]
[Date "2002.09.09"]
[Round "3.5"]
[White "Kucera, Tomas"]
[Black "Svatos , Jan"]
[Result "0-1"]
[WhiteElo "2133"]
[BlackElo "2279"]
[PlyCount "38"]
[EventDate "2002.09.07"]

1. e4 c6 2. Nc3 d5 3. Nf3 Bg4 4. h3 Bxf3 5. Qxf3 e6 6. d4 Nf6 7. Bg5 Be7 8. e5
Nfd7 9. Bxe7 Qxe7 10. Bd3 O-O 11. Ne2 c5 12. c3 cxd4 13. cxd4 Qb4+ 14. Kf1 Nc6
15. Qh5 f5 16. exf6 Nxf6 17. Qh4 Qd2 18. Qg3 Nb4 19. Bb1 19... Qd1# {mat} 0-1

[Event "ProMoPro Open"]
[Site "Praha"]
[Date "2002.09.09"]
[Round "3.7"]
[White "Matras, Ondrej"]
[Black "Vedral, Oldrich"]
[Result "1/2-1/2"]
[WhiteElo "2235"]
[BlackElo "2122"]
[PlyCount "54"]
[EventDate "2002.09.07"]

1. d4 Nf6 2. c4 g6 3. Nc3 Bg7 4. e4 d6 5. f3 O-O 6. Be3 e5 7. d5 a5 8. Qd2 Na6
9. Bd3 Nc5 10. Bc2 Ne8 11. O-O-O f5 12. exf5 Bxf5 13. Bxf5 gxf5 14. g4 fxg4 15.
fxg4 Nf6 16. Qe2 Qd7 17. h3 Nfe4 18. Nxe4 Nxe4 19. Qg2 Nc5 20. Qc2 e4 21. Bxc5
dxc5 22. Ne2 Qd6 23. Kb1 Qe5 24. Rhf1 Rxf1 25. Rxf1 Rf8 26. Rxf8+ Bxf8 27. Qc3
27... Qg5 {remis} 1/2-1/2

[Event "ProMoPro Open"]
[Site "Praha"]
[Date "2002.09.09"]
[Round "3.20"]
[White "Janocko , Petr"]
[Black "Havlak, Lubomir"]
[Result "1-0"]
[WhiteElo "1987"]
[BlackElo "1726"]
[PlyCount "103"]
[EventDate "2002.09.07"]

1. e4 c5 2. Nf3 Nc6 3. d4 cxd4 4. Nxd4 e5 5. Nf3 Nf6 6. Bd3 Bc5 7. O-O h6 8. c3
O-O 9. b4 Bd6 10. Bc2 Qe7 11. Nh4 Bc7 12. Nf5 Qe8 13. Qf3 Ne7 14. Nxh6+ Kh7 15.
Qh3 d6 16. Ng4+ Kg8 17. Nxf6+ gxf6 18. Qg3+ Ng6 19. Bh6 Be6 20. Nd2 Qd7 21.
Bxf8 Kxf8 22. Bb3 Nf4 23. Rfe1 Bg4 24. Bd1 Be6 25. Nf1 Ke7 26. Ne3 Bb6 27. Bb3
Bxe3 28. Rxe3 Rc8 29. Qg7 Rxc3 30. Rxc3 Ne2+ 31. Kh1 Nxc3 32. Bxe6 Qxe6 33. Rc1
Qxa2 34. h4 Qxf2 35. Qg4 Qe3 36. Rc2 Qxe4 37. Qxe4 Nxe4 38. Rc7+ Ke6 39. Rxb7
d5 40. Rxa7 d4 41. b5 d3 42. Kg1 d2 43. Ra1 Kd5 44. h5 Kc5 45. h6 Ng5 46. Rb1
Kb6 47. Kf2 d1=Q 48. Rxd1 Kxb5 49. Rd8 f5 50. Rg8 Ne4+ 51. Ke1 Nf6 52. Rg7 {
cerny vzdal} 1-0

[Event "ProMoPro Open"]
[Site "?"]
[Date "2002.09.09"]
[Round "3.6"]
[White "Kotek, Daniel"]
[Black "Hackel, Ludek"]
[Result "1-0"]
[WhiteElo "2270"]
[BlackElo "2105"]
[PlyCount "65"]
[EventDate "2002.??.??"]

1. e4 c5 2. Nf3 Nc6 3. d4 cxd4 4. Nxd4 Nf6 5. Nc3 e5 6. Ndb5 d6 7. Bg5 a6 8.
Na3 b5 9. Bxf6 gxf6 10. Nd5 Bg7 11. c3 f5 12. exf5 Bxf5 13. Nc2 Be6 14. Nce3
O-O 15. Bd3 f5 16. a4 Ne7 17. Nxe7+ Qxe7 18. Bxf5 Bxf5 19. Nxf5 Qf6 20. g4 b4
21. O-O bxc3 22. bxc3 Kh8 23. Rb1 Rac8 24. Rb7 Bh6 25. Qxd6 Rc4 26. f3 Qxd6 27.
Nxd6 Be3+ 28. Kh1 Rxc3 29. Ne4 Rc2 30. h3 Bf4 31. Rf2 Rc1+ 32. Kg2 32... Rd8 { 
} 33. Nf6 {cerny vzdal} 1-0